Formuła 1 - Rekordziści zwycięstw w wyścigu - Statystyki

Ogólne statystyki
  • Ten quiz został rozwiązany 186 razy
  • Średni wynik to 7 z 9
Statystyki odpowiedzi
Lata Kierowca % Poprawnych
2020- Lewis Hamilton
100%
2001-2020 Michael Schumacher
97%
1987-2001 Alain Prost
88%
1950-1951 Juan Manuel Fangio
78%
1955-1968 Juan Manuel Fangio
78%
1951-1955 Alberto Ascari
65%
1950 Giuseppe Farina
59%
1968-1973 Jim Clark
51%
1973-1987 Jackie Stewart
36%
Nie znaleziono quizów pasujących do podanych kryteriów
Rozkład punktacji
Procent ludzi z każdym wynikiem
Percentyl według liczby udzielonych odpowiedzi
Twoja historia wyników
Nie rozwiązałeś tego quizu